Geography Countdown Quiz Stats

 Plays Quiz not verified by Sporcle

Support Sporcle.
Go Orange.
Score 0/55 Timer 10:00
0 Plays Today
% Correct
Russia
98.9%
United States of America
98%
Canada
97.5%
China
97.5%
India
97.3%
Brazil
95.7%
Kazakhstan
95.2%
Kazakhstan
95.2%
Pakistan
94.5%
Atlantic Ocean
93.6%
Pacific Ocean
93.6%
Afghanistan
92%
Kentucky
91.8%
Australia
91.6%
Indian Ocean
91.6%
Sahara Desert
90.7%
Kansas
90.2%
Madagascar
90%
Belgium
88.4%
Uzbekistan
87.5%
Chile
87.3%
Turkmenistan
87%
Alaska
86.8%
Belarus
86.4%
Arctic Ocean
85.7%
Bulgaria
84.8%
Arkansas
84.5%
North Dakota
84.5%
% Correct
South Dakota
84.5%
Antarctica
84.3%
Kyrgyzstan
84.1%
Tajikistan
83.9%
Argentina
83.6%
Bosnia and Herzegovina
82.7%
New York
81.1%
Ecuador
79.5%
Seychelles
78.6%
Oklahoma
78.2%
Albania
77.3%
Serbia
75.9%
Gobi Desert
75.7%
The Andes
75%
The Himalayas
74.3%
Luxembourg
73.9%
Mauritius
73.6%
Nebraska
71.8%
Comoros
71.6%
Algeria
68.4%
Cape Verde
67.7%
Sao Tome and Principe
67.3%
The Alps
63.2%
Czech Republic
62.3%
Arabian Desert
40%
Australian Desert
23.6%
Libyan Desert
12%

You're not logged in!

Compare scores with friends on all Sporcle quizzes.
OR
Log In

From the Vault

More Things We Learned in 2013

by sufradley

In case you missed it, we learned a lot in 2013.
Remove Ads.
Support Sporcle.
Get the best of Sporcle when you Go Orange. This ad-free experience offers more features, more stats, and more fun while also helping to support Sporcle. Thank you for becoming a member.

Show Comments

Extras

Top Quizzes Today


Score Distribution

Your Account Isn't Verified!

In order to create a playlist on Sporcle, you need to verify the email address you used during registration. Go to your Sporcle Settings to finish the process.

Report this User

Report this user for behavior that violates our Community Guidelines.

Details: